000 00310nam a2200133Ia 4500
008 231129s1975||||xx |||||||||||||| ||spa||
040 _bspa
082 _aCo863 A773i
100 _aArrubla Mario
245 0 _aLa infancia legendaria de Ramiro Cruz
260 _c1975
264 _aLealon
942 _2ddc
_cBKS
999 _c17385
_d17385